| 000 | 00415cam a2200157ua 4500 | ||
|---|---|---|---|
| 041 |
_aeng _h |
||
| 082 |
_a828.09 _bWAR/CA |
||
| 100 | _aWard, A W . | ||
| 245 |
_aCambridge history of english literature, Vol 4 / _cA W Ward. _hTextual Documents |
||
| 260 |
_aCambridge : _bCambridge University Press , _c1964. |
||
| 300 | _a434 ; . | ||
| 504 | _a | ||
| 700 | 1 | _aWalen, A P . | |
| 942 | _cBK | ||
| 999 |
_c9647 _d9647 |
||